Signos de estos tiempos: interpretación teológica de nuestra época

Bewaard in:
Bibliografische gegevens
Hoofdauteurs: Berríos, Fernando (Auteur), Costadoat, Jorge (Auteur), García, Diego (Auteur)
Formaat: Boek
Taal:Spaans
Gepubliceerd in: Santiago Ediciones Universidad Alberto Hurtado 2008
Editie:1a. ed
Reeks:Centro Teológico Manuel Larraín, 1
Onderwerpen:
Tags: Voeg label toe
Geen labels, Wees de eerste die dit record labelt!

MARC

LEADER 00000cam a2200000 a 4500
001 UCD0483
003 CL-VaPUC
008 151127e20080000cl |||||||||||||||||spa|d
020 |a 9789568421182 
082 0 4 |a 230  |b BER  |2 21 
100 0 |a Berríos, Fernando  |e author  |9 583459 
700 0 |a Costadoat, Jorge  |e author  |9 583460 
700 0 |a García, Diego  |e author  |9 517121 
245 1 0 |a Signos de estos tiempos: interpretación teológica de nuestra época 
250 |a 1a. ed 
300 |a 382 p 
942 |c BK 
945 |d 20151127 13:45:00  |a gsalatino 
260 |a Santiago  |b Ediciones Universidad Alberto Hurtado  |c 2008 
650 0 |a Teología dogmática   |9 313198 
650 0 |a Historia  |9 255047 
650 0 |a Iglesia Católica  |9 256114 
583 |a last modification  |c 20151127 13:45:00  |k Rodrigo Vera 
490 0 |a Centro Teológico Manuel Larraín, 1 
999 |c 361997  |d 361995 
952 |0 0  |1 0  |3 erb  |4 0  |6 230_000000000000000_BER_2008  |7 0  |8 A  |9 472804  |a BIBTEO  |b BIBTEO  |i 525387K  |o 230 BER 2008  |p 525387K  |r 2025-01-17  |w 2019-11-24  |y BK  |z Catalogado en:20151127  |k ICR